Menová analýza a prognóza

Gespeichert in:
Bibliographische Detailangaben
1. Verfasser: Hlavatá, Irena
Format: Buch
Sprache:Slowakisch
Veröffentlicht: Bratislava Vydavateľstvo Ekonóm 1998
Schlagworte:
Tags: Tag hinzufügen
Keine Tags, Fügen Sie das erste Tag hinzu!

MARC

LEADER 00000nam a2200000 4500
001 c100728
005 20221123133144.0
020 |a 80-225-0910-8 
041 0 |a slo 
044 |a SK 
245 1 0 |a Menová analýza a prognóza  |c Irena Hlavatá 
264 1 |a Bratislava  |b Vydavateľstvo Ekonóm  |c 1998 
300 |a 273 s. 
610 2 0 |a analýzy 
610 2 0 |a prognózy 
610 2 0 |a mena 
610 2 0 |a peniaze 
610 2 0 |a monetarizmus 
610 2 0 |a inflácia 
610 2 0 |a stabilita meny 
610 2 0 |a sila kúpna peňazí 
610 2 0 |a vývoj menový 
610 2 0 |a bilancia platobná 
100 1 |a Hlavatá, Irena